Kubrick Movies by Picture - Statistics

General Stats
  • This quiz has been taken 216 times
  • The average score is 8 of 13
Answer Stats
Picture Hint Answer % Correct
1980 The Shining
98%
1971 A Clockwork Orange
94%
1968 2001: A Space Odyssey
87%
1987 Full Metal Jacket
85%
1999 Eyes Wide Shut
84%
1960 Spartacus
77%
1964 Dr. Strangelove
72%
1962 Lolita
64%
1975 Barry Lyndon
58%
1957 Paths of Glory
47%
1956 The Killing
30%
1953 Fear and Desire
18%
1955 Killer's Kiss
17%
No matching quizzes found
Score Distribution
Percent of People with Each Score
Percentile by Number Answered
Your Score History
You have not taken this quiz